[Event "World Youth & Cadets Rapid Championships"]
[Site "Rhodes, Greece"]
[Date "2022.05.01"]
[Round "4.21"]
[White "Jalving, August"]
[Black "Negrean, Andrei"]
[Result "0-1"]
[TimeControl "10'/game & 5\"/move"]
[WhiteElo "1538"]
[BlackElo "1806"]

1. e4 {[%clk 00:10:09]} c5 {[%clk 00:10:09]} {[%emt 00:00:02]} 2. c3 {[%clk
00:10:10]} {[%emt 00:00:04]} d5 {[%clk 00:10:09]} {[%emt 00:00:04]} 3. exd5
{[%clk 00:10:08]} {[%emt 00:00:08]} Qxd5 {[%clk 00:10:11]} {[%emt 00:00:02]} 4.
d4 {[%clk 00:10:09]} {[%emt 00:00:05]} e6 {[%clk 00:10:07]} {[%emt 00:00:09]} 5.
Nf3 {[%clk 00:10:09]} {[%emt 00:00:05]} Nc6 {[%clk 00:10:06]} {[%emt 00:00:06]}
6. Bd3 {[%clk 00:09:53]} {[%emt 00:00:21]} Nf6 {[%clk 00:09:25]} {[%emt
00:00:45]} 7. O-O {[%clk 00:09:46]} {[%emt 00:00:13]} Be7 {[%emt 00:00:50]} 8.
Be3 {[%clk 00:09:20]} {[%emt 00:00:06]} cxd4 {[%clk 00:06:23]} {[%emt
00:02:47]} 9. cxd4 {[%clk 00:09:19]} {[%emt 00:00:06]} O-O {[%clk 00:05:43]}
{[%emt 00:00:45]} 10. Nc3 {[%clk 00:09:20]} {[%emt 00:00:03]} Qd6 {[%clk
00:05:35]} {[%emt 00:00:13]} 11. Nb5 {[%emt 00:00:45]} Qd8 {[%clk 00:05:31]} 12.
Rc1 {[%clk 00:08:44]} {[%emt 00:00:11]} a6 {[%clk 00:03:57]} {[%emt 00:01:39]}
13. Nc3 {[%clk 00:08:15]} {[%emt 00:00:34]} Nb4 {[%clk 00:03:48]} {[%emt
00:00:14]} 14. Bb1 {[%clk 00:08:15]} {[%emt 00:00:05]} Nbd5 {[%clk 00:03:50]}
{[%emt 00:00:03]} 15. Nxd5 {[%clk 00:07:48]} {[%emt 00:00:32]} Qxd5 {[%clk
00:03:24]} {[%emt 00:00:31]} 16. Qd3 {[%clk 00:07:38]} {[%emt 00:00:15]} Rd8
{[%clk 00:02:38]} {[%emt 00:00:50]} 17. Bg5 {[%clk 00:07:40]} {[%emt 00:00:03]}
g6 {[%clk 00:01:36]} {[%emt 00:01:07]} 18. Rc7 {[%clk 00:07:21]} {[%emt
00:00:25]} Qd6 {[%clk 00:01:03]} {[%emt 00:00:38]} 19. Rfc1 {[%clk 00:07:08]}
{[%emt 00:00:18]} Bd7 {[%clk 00:00:31]} {[%emt 00:00:37]} 20. Ne5 {[%clk
00:06:24]} {[%emt 00:00:48]} Rac8 {[%clk 00:00:12]} {[%emt 00:00:24]} 21. Nxd7
{[%clk 00:06:16]} {[%emt 00:00:13]} Rxc7 {[%clk 00:00:09]} {[%emt 00:00:09]} 22.
Nxf6+ {[%clk 00:06:12]} {[%emt 00:00:08]} Bxf6 {[%clk 00:00:12]} {[%emt
00:00:02]} 23. Rxc7 {[%clk 00:06:15]} {[%emt 00:00:02]} Bxg5 {[%clk 00:00:09]}
{[%emt 00:00:08]} 24. Qc2 {[%clk 00:05:29]} {[%emt 00:00:52]} Qxd4 {[%clk
00:00:08]} {[%emt 00:00:06]} 25. g3 {[%clk 00:05:27]} {[%emt 00:00:07]} Qd1+
{[%clk 00:00:09]} {[%emt 00:00:04]} 26. Kg2 {[%clk 00:05:29]} {[%emt 00:00:03]}
Qxc2 {[%clk 00:00:10]} {[%emt 00:00:04]} 27. Bxc2 {[%clk 00:05:33]} {[%emt
00:00:01]} Rd2 {[%clk 00:00:14]} {[%emt 00:00:02]} 28. Kf3 {[%clk 00:05:03]}
{[%emt 00:00:34]} b5 {[%clk 00:00:10]} {[%emt 00:00:09]} 29. h4 {[%clk
00:05:03]} {[%emt 00:00:05]} Bf6 {[%clk 00:00:11]} {[%emt 00:00:04]} 30. Bb3
{[%clk 00:04:45]} {[%emt 00:00:22]} Rxb2 {[%clk 00:00:11]} {[%emt 00:00:06]} 31.
Ke3 {[%clk 00:04:21]} {[%emt 00:00:28]} a5 {[%clk 00:00:11]} {[%emt 00:00:06]}
32. Rc8+ {[%clk 00:04:24]} {[%emt 00:00:01]} Kg7 {[%clk 00:00:16]} 33. Rc7
{[%clk 00:04:28]} Be5 {[%clk 00:00:14]} {[%emt 00:00:07]} 34. Rc5 {[%clk
00:04:17]} {[%emt 00:00:16]} a4 {[%clk 00:00:09]} {[%emt 00:00:09]} 35. Bxa4
{[%clk 00:02:46]} {[%emt 00:01:36]} bxa4 {[%clk 00:00:12]} {[%emt 00:00:03]} 36.
Rxe5 {[%clk 00:02:48]} {[%emt 00:00:03]} Rxa2 {[%clk 00:00:17]} 37. Ra5 {[%clk
00:02:46]} {[%emt 00:00:05]} h5 {[%clk 00:00:21]} {[%emt 00:00:02]} 38. f3
{[%clk 00:02:37]} {[%emt 00:00:13]} Kf6 {[%clk 00:00:10]} {[%emt 00:00:17]} 39.
Kf4 {[%clk 00:02:29]} {[%emt 00:00:05]} Re2 {[%clk 00:00:07]} {[%emt 00:00:17]}
40. g4 {[%clk 00:02:26]} {[%emt 00:00:07]} e5+ {[%clk 00:00:10]} {[%emt
00:00:02]} 41. Kg3 {[%clk 00:02:28]} {[%emt 00:00:02]} hxg4 {[%clk 00:00:14]}
{[%emt 00:00:02]} 42. Ra6+ {[%clk 00:01:54]} {[%emt 00:00:39]} Kg7 {[%clk
00:00:13]} {[%emt 00:00:06]} 43. Rxa4 {[%clk 00:01:03]} {[%emt 00:00:57]} gxf3
{[%clk 00:00:15]} {[%emt 00:00:03]} 44. Kxf3 {[%clk 00:01:07]} Re1 {[%clk
00:00:10]} {[%emt 00:00:09]} 45. Kf2 {[%clk 00:01:11]} {[%emt 00:00:02]} Rb1
{[%clk 00:00:09]} {[%emt 00:00:05]} 46. Kf3 {[%clk 00:01:14]} {[%emt 00:00:02]}
Rf1+ {[%clk 00:00:10]} {[%emt 00:00:04]} 47. Ke4 {[%clk 00:01:08]} {[%emt
00:00:12]} Rf4+ {[%clk 00:00:14]} {[%emt 00:00:01]} 48. Kxe5 {[%clk 00:01:08]}
{[%emt 00:00:05]} Rxa4 {[%clk 00:00:18]} 49. Kd5 {[%clk 00:01:08]} {[%emt
00:00:04]} Rxh4 {[%clk 00:00:22]} {[%emt 00:00:01]} 50. Ke5 {[%clk 00:01:10]}
{[%emt 00:00:03]} f5 {[%clk 00:00:25]} {[%emt 00:00:03]} 51. Kd5 {[%clk
00:01:11]} {[%emt 00:00:03]} Re4 {[%clk 00:00:29]} {[%emt 00:00:02]} 52. Kd6
{[%clk 00:01:04]} {[%emt 00:00:12]} g5 {[%clk 00:00:33]} 53. Kd5 {[%clk
00:01:07]} {[%emt 00:00:02]} g4 {[%clk 00:00:38]} 54. Kd6 {[%clk 00:01:09]}
{[%emt 00:00:02]} g3 {[%clk 00:00:43]} 55. Kd5 {[%clk 00:01:10]} {[%emt
00:00:05]} g2 {[%clk 00:00:47]} 56. Kd6 {[%clk 00:01:08]} {[%emt 00:00:06]}
g1=Q {[%clk 00:00:50]} {[%emt 00:00:02]} 57. Kd5 {[%clk 00:01:11]} {[%emt
00:00:02]} Qd4+ {[%clk 00:00:54]} {[%emt 00:00:02]} 58. Kc6 {[%clk 00:01:14]}
{[%emt 00:00:02]} Re6+ {[%clk 00:00:57]} {[%emt 00:00:02]} 59. Kb5 {[%clk
00:01:16]} {[%emt 00:00:04]} Rb6+ {[%clk 00:01:01]} 60. Ka5 {[%clk 00:01:18]}
{[%emt 00:00:02]} Qb4# {[%clk 00:01:05]} {[%emt 00:00:02]} 0-1

[Event "World Youth & Cadets Rapid Championships"]
[Site "Rhodes, Greece"]
[Date "2022.05.01"]
[Round "4.22"]
[White "Hanache, Kai"]
[Black "Beniosev, Daniel"]
[Result "1/2-1/2"]
[TimeControl "10'/game & 5\"/move"]
[WhiteElo "1561"]
[BlackElo "1427"]

1. e4 {[%emt 00:00:08]} c5 {[%clk 00:10:03]} 2. Nf3 {[%clk 00:10:11]} {[%emt
00:00:02]} e6 {[%clk 00:10:03]} {[%emt 00:00:05]} 3. c3 {[%clk 00:10:12]}
{[%emt 00:00:05]} d5 {[%clk 00:10:05]} {[%emt 00:00:03]} 4. exd5 {[%clk
00:10:15]} Qxd5 {[%clk 00:10:08]} {[%emt 00:00:02]} 5. Be2 {[%clk 00:10:17]}
{[%emt 00:00:04]} Nf6 {[%clk 00:10:09]} {[%emt 00:00:04]} 6. O-O {[%clk
00:10:20]} {[%emt 00:00:02]} Nc6 {[%clk 00:10:10]} {[%emt 00:00:04]} 7. Re1
{[%clk 00:10:22]} {[%emt 00:00:03]} b6 {[%clk 00:10:09]} {[%emt 00:00:06]} 8.
d4 {[%clk 00:10:17]} {[%emt 00:00:10]} cxd4 {[%clk 00:10:10]} {[%emt 00:00:03]}
9. cxd4 {[%clk 00:10:20]} {[%emt 00:00:02]} Bb7 {[%clk 00:10:14]} {[%emt
00:00:02]} 10. Nc3 {[%clk 00:10:24]} {[%emt 00:00:01]} Qd6 {[%clk 00:10:16]}
{[%emt 00:00:03]} 11. Bg5 {[%clk 00:10:27]} {[%emt 00:00:03]} Be7 {[%clk
00:10:17]} {[%emt 00:00:03]} 12. Qd2 {[%clk 00:10:19]} {[%emt 00:00:12]} h6
{[%clk 00:10:18]} {[%emt 00:00:04]} 13. Bf4 {[%clk 00:10:19]} {[%emt 00:00:06]}
Qd7 {[%clk 00:10:18]} {[%emt 00:00:05]} 14. Bb5 {[%clk 00:10:19]} {[%emt
00:00:05]} a6 {[%clk 00:10:17]} {[%emt 00:00:06]} 15. Ne5 {[%clk 00:10:19]}
{[%emt 00:00:05]} Qc8 {[%clk 00:10:06]} {[%emt 00:00:15]} 16. Bxc6+ {[%clk
00:10:13]} {[%emt 00:00:11]} Bxc6 {[%clk 00:10:07]} {[%emt 00:00:03]} 17. Nxc6
{[%clk 00:10:17]} {[%emt 00:00:02]} Qxc6 {[%clk 00:10:10]} {[%emt 00:00:02]} 18.
d5 {[%clk 00:10:21]} Nxd5 {[%clk 00:09:44]} {[%emt 00:00:31]} 19. Nxd5 {[%clk
00:10:24]} {[%emt 00:00:02]} Qxd5 {[%clk 00:09:45]} {[%emt 00:00:03]} 20. Qxd5
{[%clk 00:10:27]} {[%emt 00:00:02]} exd5 {[%clk 00:09:49]} {[%emt 00:00:01]} 21.
Bd6 {[%clk 00:10:31]} {[%emt 00:00:02]} Ra7 {[%clk 00:09:51]} {[%emt 00:00:02]}
22. Rad1 {[%clk 00:10:09]} {[%emt 00:00:27]} Rd7 {[%clk 00:09:26]} {[%emt
00:00:31]} 23. Rxd5 {[%clk 00:10:05]} {[%emt 00:00:09]} f6 {[%clk 00:09:19]}
{[%emt 00:00:12]} 24. Rxe7+ {[%clk 00:09:26]} {[%emt 00:00:44]} Rxe7 {[%clk
00:09:19]} {[%emt 00:00:05]} 25. Bxe7 {[%clk 00:09:29]} {[%emt 00:00:02]} Kxe7
{[%clk 00:09:22]} {[%emt 00:00:02]} 26. h3 {[%clk 00:09:33]} {[%emt 00:00:01]}
Rc8 {[%clk 00:09:24]} {[%emt 00:00:03]} 27. Rd2 {[%clk 00:09:36]} {[%emt
00:00:02]} b5 {[%clk 00:09:23]} {[%emt 00:00:07]} 28. Kf1 {[%clk 00:09:40]}
Rc1+ {[%clk 00:09:26]} {[%emt 00:00:02]} 29. Ke2 {[%clk 00:09:43]} {[%emt
00:00:02]} Ke6 {[%clk 00:09:26]} {[%emt 00:00:04]} 30. Rd1 {[%clk 00:09:34]}
{[%emt 00:00:14]} Rc2+ {[%clk 00:09:16]} {[%emt 00:00:15]} 31. Rd2 {[%clk
00:09:38]} Rc1 {[%clk 00:09:20]} {[%emt 00:00:01]} 32. Kf3 {[%emt 00:00:31]}
Rc4 {[%clk 00:09:04]} 33. Ke3 {[%clk 00:09:31]} {[%emt 00:00:07]} f5 {[%clk
00:08:50]} {[%emt 00:00:18]} 34. f4 {[%clk 00:09:22]} {[%emt 00:00:16]} Re4+
{[%clk 00:08:50]} {[%emt 00:00:05]} 35. Kf3 {[%clk 00:09:25]} {[%emt 00:00:02]}
Ra4 {[%clk 00:08:33]} {[%emt 00:00:22]} 36. b3 {[%clk 00:08:57]} {[%emt
00:00:33]} Ra3 {[%clk 00:08:30]} {[%emt 00:00:08]} 37. Ke3 {[%clk 00:09:00]}
{[%emt 00:00:02]} a5 {[%clk 00:08:33]} {[%emt 00:00:02]} 38. Kf2 {[%clk
00:08:48]} {[%emt 00:00:17]} a4 {[%clk 00:08:31]} {[%emt 00:00:07]} 39. Rb2
{[%clk 00:08:37]} {[%emt 00:00:16]} axb3 {[%clk 00:08:23]} {[%emt 00:00:12]} 40.
axb3 {[%clk 00:08:36]} {[%emt 00:00:07]} 1/2-1/2

[Event "World Youth & Cadets Rapid Championships"]
[Site "Rhodes, Greece"]
[Date "2022.05.01"]
[Round "4.23"]
[White "Shilon Rahav, Eliran"]
[Black "Bryant, Harry"]
[Result "1-0"]
[TimeControl "10'/game & 5\"/move"]
[WhiteElo "1491"]
[BlackElo "1207"]

1. e4 {[%clk 00:10:07]} {[%emt 00:00:03]} c5 {[%clk 00:10:10]} 2. c3 {[%clk
00:10:08]} {[%emt 00:00:04]} d5 {[%clk 00:10:13]} {[%emt 00:00:02]} 3. exd5
{[%clk 00:10:11]} {[%emt 00:00:02]} Qxd5 {[%clk 00:10:17]} {[%emt 00:00:01]} 4.
d4 {[%clk 00:10:14]} {[%emt 00:00:02]} cxd4 {[%clk 00:10:20]} {[%emt 00:00:02]}
5. cxd4 {[%clk 00:10:18]} {[%emt 00:00:01]} Nc6 {[%clk 00:10:24]} 6. Nf3 {[%clk
00:10:21]} {[%emt 00:00:03]} Bg4 {[%clk 00:10:27]} 7. Be2 {[%clk 00:10:25]}
{[%emt 00:00:03]} O-O-O {[%clk 00:10:25]} 8. Nc3 {[%clk 00:10:25]} {[%emt
00:00:12]} Qa5 {[%clk 00:10:10]} {[%emt 00:00:17]} 9. Be3 {[%clk 00:09:46]}
{[%emt 00:00:47]} e6 {[%clk 00:10:02]} {[%emt 00:00:13]} 10. O-O {[%clk
00:09:18]} {[%emt 00:00:33]} Bb4 {[%clk 00:09:54]} {[%emt 00:00:14]} 11. Rc1
{[%clk 00:08:47]} {[%emt 00:00:35]} Kb8 {[%clk 00:09:54]} {[%emt 00:00:05]} 12.
a3 {[%clk 00:08:01]} {[%emt 00:00:51]} Bxc3 {[%clk 00:09:52]} {[%emt 00:00:07]}
13. Rxc3 {[%clk 00:08:03]} {[%emt 00:00:04]} Nf6 {[%clk 00:09:53]} {[%emt
00:00:03]} 14. Qb3 {[%clk 00:07:38]} {[%emt 00:00:30]} Nd5 {[%clk 00:09:50]}
{[%emt 00:00:08]} 15. Rxc6 {[%clk 00:07:23]} {[%emt 00:00:20]} Nb6 {[%clk
00:09:31]} {[%emt 00:00:24]} 16. Rc5 {[%clk 00:07:07]} {[%emt 00:00:20]} Qa4
{[%clk 00:09:26]} {[%emt 00:00:11]} 17. Qxa4 {[%clk 00:07:08]} {[%emt
00:00:05]} Nxa4 {[%clk 00:09:30]} 18. Rc2 {[%clk 00:07:06]} {[%emt 00:00:06]}
Rc8 {[%clk 00:09:26]} {[%emt 00:00:09]} 19. Rfc1 {[%clk 00:07:04]} {[%emt
00:00:07]} Rxc2 {[%clk 00:09:25]} {[%emt 00:00:06]} 20. Rxc2 {[%clk 00:07:07]}
{[%emt 00:00:01]} Bf5 {[%clk 00:09:27]} {[%emt 00:00:04]} 21. Bf4+ {[%clk
00:07:00]} {[%emt 00:00:12]} Ka8 {[%clk 00:09:27]} {[%emt 00:00:05]} 22. Rc7
{[%clk 00:07:02]} {[%emt 00:00:03]} Nxb2 {[%clk 00:09:24]} {[%emt 00:00:08]} 23.
Rxf7 {[%clk 00:07:00]} {[%emt 00:00:06]} g6 {[%clk 00:09:27]} {[%emt 00:00:03]}
24. Ne5 {[%clk 00:06:51]} {[%emt 00:00:14]} Rc8 {[%clk 00:09:28]} {[%emt
00:00:03]} 25. Nd7 {[%clk 00:06:44]} {[%emt 00:00:13]} Na4 {[%clk 00:09:04]}
{[%emt 00:00:29]} 26. Rf8 {[%clk 00:06:34]} {[%emt 00:00:15]} Rxf8 {[%clk
00:09:03]} {[%emt 00:00:06]} 27. Nxf8 {[%clk 00:06:37]} {[%emt 00:00:02]} h5
{[%clk 00:09:07]} {[%emt 00:00:01]} 28. Bc4 {[%clk 00:06:21]} {[%emt 00:00:21]}
Nc3 {[%clk 00:08:59]} {[%emt 00:00:13]} 29. Kh1 {[%clk 00:06:00]} {[%emt
00:00:25]} Nd5 {[%clk 00:08:16]} {[%emt 00:00:49]} 30. Bxd5 {[%clk 00:06:04]}
{[%emt 00:00:02]} exd5 {[%clk 00:08:20]} 31. Nh7 {[%clk 00:06:05]} {[%emt
00:00:03]} a5 {[%clk 00:08:23]} {[%emt 00:00:04]} 32. Nf6 {[%clk 00:06:06]}
{[%emt 00:00:03]} Be6 {[%clk 00:08:25]} {[%emt 00:00:02]} 33. Kg1 {[%clk
00:05:59]} {[%emt 00:00:12]} b5 {[%clk 00:08:30]} 34. Kf1 {[%clk 00:05:41]}
{[%emt 00:00:23]} b4 {[%clk 00:08:27]} {[%emt 00:00:08]} 35. axb4 {[%clk
00:05:43]} {[%emt 00:00:03]} axb4 {[%clk 00:08:24]} {[%emt 00:00:08]} 36. Ke1
{[%clk 00:05:31]} {[%emt 00:00:17]} Ka7 {[%clk 00:08:18]} {[%emt 00:00:11]} 37.
Bd6 {[%clk 00:05:21]} {[%emt 00:00:15]} b3 {[%clk 00:08:21]} {[%emt 00:00:02]}
38. Kd2 {[%clk 00:05:14]} {[%emt 00:00:11]} Bf5 {[%clk 00:08:24]} {[%emt
00:00:03]} 39. Kc3 {[%clk 00:05:13]} {[%emt 00:00:06]} Bc2 {[%clk 00:08:25]}
{[%emt 00:00:04]} 40. Nxd5 {[%clk 00:05:14]} {[%emt 00:00:05]} Ka6 {[%emt
00:00:11]} 41. Nb4+ {[%clk 00:05:12]} {[%emt 00:00:06]} Kb5 42. Nxc2 {[%clk
00:05:13]} {[%emt 00:00:04]} bxc2 {[%clk 00:08:27]} 43. Kxc2 {[%clk 00:05:16]}
{[%emt 00:00:02]} Kc6 {[%emt 00:00:03]} 44. Be5 {[%clk 00:05:19]} Kd5 {[%clk
00:08:36]} {[%emt 00:00:01]} 45. Kd3 {[%clk 00:05:22]} {[%emt 00:00:01]} g5
{[%clk 00:08:40]} {[%emt 00:00:02]} 46. Bf6 {[%clk 00:05:25]} {[%emt 00:00:01]}
g4 {[%clk 00:08:43]} {[%emt 00:00:02]} 47. f3 {[%clk 00:05:29]} {[%emt
00:00:01]} gxf3 {[%clk 00:08:45]} {[%emt 00:00:03]} 48. gxf3 {[%clk 00:05:33]}
Ke6 {[%clk 00:08:57]} {[%emt 00:00:11]} 1-0

[Event "World Youth & Cadets Rapid Championships"]
[Site "Rhodes, Greece"]
[Date "2022.05.01"]
[Round "4.24"]
[White "Zhao, George"]
[Black "Sarthak, Deshpande"]
[Result "0-1"]
[TimeControl "10'/game & 5\"/move"]
[WhiteElo "1461"]
[BlackElo "1046"]

1. d4 {[%clk 00:10:08]} {[%emt 00:00:02]} d5 {[%clk 00:10:04]} {[%emt
00:00:07]} 2. c4 {[%emt 00:00:04]} c6 {[%clk 00:10:05]} 3. g3 {[%clk 00:10:15]}
{[%emt 00:00:01]} Nf6 {[%clk 00:10:06]} {[%emt 00:00:04]} 4. Bg2 {[%clk
00:10:19]} {[%emt 00:00:01]} e6 {[%clk 00:10:00]} {[%emt 00:00:11]} 5. Nf3
{[%clk 00:10:22]} {[%emt 00:00:02]} dxc4 {[%clk 00:09:27]} {[%emt 00:00:38]} 6.
Ne5 {[%clk 00:10:09]} {[%emt 00:00:18]} Bb4+ {[%clk 00:09:07]} {[%emt
00:00:25]} 7. Bd2 {[%clk 00:10:04]} {[%emt 00:00:10]} Be7 {[%clk 00:08:57]}
{[%emt 00:00:16]} 8. e3 {[%clk 00:09:52]} {[%emt 00:00:17]} O-O {[%emt
00:00:19]} 9. Nxc4 {[%clk 00:09:52]} {[%emt 00:00:01]} a5 {[%clk 00:07:38]}
{[%emt 00:01:13]} 10. O-O {[%clk 00:09:45]} {[%emt 00:00:12]} b5 {[%clk
00:07:29]} {[%emt 00:00:14]} 11. Ne5 {[%clk 00:09:43]} {[%emt 00:00:05]} Bb7
{[%clk 00:07:15]} {[%emt 00:00:20]} 12. Nc3 {[%clk 00:09:27]} {[%emt 00:00:22]}
Qb6 {[%clk 00:06:48]} {[%emt 00:00:32]} 13. Ne4 {[%clk 00:09:11]} {[%emt
00:00:20]} Nbd7 {[%clk 00:06:33]} {[%emt 00:00:21]} 14. Nxd7 {[%clk 00:08:38]}
{[%emt 00:00:37]} Nxd7 {[%clk 00:06:31]} {[%emt 00:00:07]} 15. Rc1 {[%clk
00:08:41]} {[%emt 00:00:03]} Nf6 {[%clk 00:06:24]} {[%emt 00:00:12]} 16. Nxf6+
{[%clk 00:08:23]} {[%emt 00:00:22]} Bxf6 {[%clk 00:06:26]} {[%emt 00:00:03]} 17.
Be4 {[%clk 00:08:11]} {[%emt 00:00:17]} Rac8 {[%clk 00:05:44]} {[%emt
00:00:48]} 18. Qh5 {[%clk 00:07:29]} {[%emt 00:00:47]} g6 {[%clk 00:05:29]}
{[%emt 00:00:19]} 19. Qe2 {[%clk 00:07:26]} {[%emt 00:00:09]} b4 {[%clk
00:05:12]} {[%emt 00:00:23]} 20. Bg2 {[%clk 00:07:08]} {[%emt 00:00:23]} Ba6
{[%clk 00:05:10]} {[%emt 00:00:06]} 21. Qf3 {[%clk 00:07:00]} {[%emt 00:00:12]}
Bxf1 {[%clk 00:05:00]} {[%emt 00:00:15]} 22. Kxf1 {[%clk 00:06:52]} {[%emt
00:00:14]} Bg7 {[%clk 00:04:55]} {[%emt 00:00:10]} 23. Rxc6 {[%clk 00:06:27]}
{[%emt 00:00:30]} Rxc6 {[%clk 00:04:58]} {[%emt 00:00:01]} 24. Qxc6 {[%clk
00:06:31]} {[%emt 00:00:02]} Qxc6 {[%clk 00:05:02]} {[%emt 00:00:02]} 25. Bxc6
{[%clk 00:06:34]} {[%emt 00:00:01]} Rc8 {[%clk 00:05:04]} {[%emt 00:00:02]} 26.
Be4 {[%clk 00:06:38]} {[%emt 00:00:01]} f5 {[%clk 00:04:56]} {[%emt 00:00:14]}
27. Bb1 {[%clk 00:06:36]} {[%emt 00:00:07]} Rd8 {[%clk 00:04:57]} {[%emt
00:00:04]} 28. Bd3 {[%clk 00:06:35]} {[%emt 00:00:07]} e5 {[%clk 00:04:58]}
{[%emt 00:00:04]} 29. Bc4+ {[%clk 00:06:34]} {[%emt 00:00:05]} Kf8 {[%clk
00:04:54]} {[%emt 00:00:10]} 30. d5 {[%clk 00:06:37]} {[%emt 00:00:02]} e4
{[%clk 00:04:53]} {[%emt 00:00:06]} 31. b3 {[%clk 00:06:33]} {[%emt 00:00:09]}
Bc3 {[%clk 00:04:55]} {[%emt 00:00:03]} 32. Bc1 {[%clk 00:05:58]} {[%emt
00:00:40]} Ke7 {[%clk 00:04:47]} {[%emt 00:00:13]} 33. Ke2 {[%clk 00:05:57]}
{[%emt 00:00:06]} Kd6 {[%clk 00:04:48]} {[%emt 00:00:03]} 34. f3 {[%clk
00:05:50]} {[%emt 00:00:13]} Kc5 {[%clk 00:04:44]} {[%emt 00:00:09]} 35. fxe4
{[%clk 00:05:41]} {[%emt 00:00:14]} fxe4 {[%clk 00:04:48]} {[%emt 00:00:01]} 36.
a3 {[%clk 00:05:44]} {[%emt 00:00:02]} a4 {[%clk 00:04:29]} {[%emt 00:00:23]}
37. h3 {[%clk 00:05:19]} {[%emt 00:00:30]} Ra8 {[%clk 00:04:11]} {[%emt
00:00:23]} 38. Kd1 {[%clk 00:04:43]} {[%emt 00:00:41]} axb3 {[%clk 00:04:05]}
{[%emt 00:00:11]} 39. Bxb3 {[%clk 00:04:46]} {[%emt 00:00:02]} bxa3 {[%clk
00:04:08]} {[%emt 00:00:01]} 40. Ba2 {[%clk 00:04:45]} {[%emt 00:00:06]} Kb4
{[%emt 00:00:20]} 41. Kc2 {[%clk 00:04:35]} {[%emt 00:00:14]} Rc8 {[%clk
00:03:42]} {[%emt 00:00:18]} 42. Bd2 {[%clk 00:04:36]} {[%emt 00:00:04]} Bxd2+
{[%clk 00:03:34]} {[%emt 00:00:12]} 43. Kxd2 {[%clk 00:04:40]} {[%emt
00:00:02]} Rb8 {[%clk 00:03:34]} {[%emt 00:00:05]} 44. Kc1 {[%clk 00:04:36]}
{[%emt 00:00:09]} Kc5 {[%clk 00:03:34]} {[%emt 00:00:05]} 45. Bb1 {[%clk
00:04:29]} {[%emt 00:00:12]} Rxb1+ {[%clk 00:03:33]} {[%emt 00:00:05]} 46. Kxb1
{[%clk 00:04:33]} {[%emt 00:00:02]} Kxd5 {[%clk 00:03:36]} {[%emt 00:00:02]} 47.
Ka2 {[%clk 00:04:37]} Kc4 {[%clk 00:03:41]} 48. Kxa3 {[%clk 00:04:41]} {[%emt
00:00:01]} Kd3 {[%clk 00:03:45]} {[%emt 00:00:01]} 49. Kb2 {[%clk 00:04:43]}
{[%emt 00:00:02]} Kxe3 {[%clk 00:03:48]} {[%emt 00:00:02]} 50. Kc2 {[%clk
00:04:46]} {[%emt 00:00:02]} Kf2 {[%clk 00:03:51]} {[%emt 00:00:02]} 51. g4
{[%clk 00:04:47]} {[%emt 00:00:05]} e3 {[%clk 00:03:55]} 52. h4 {[%clk
00:04:50]} {[%emt 00:00:02]} e2 {[%clk 00:03:58]} {[%emt 00:00:02]} 53. h5
{[%clk 00:04:53]} {[%emt 00:00:02]} gxh5 {[%clk 00:04:01]} {[%emt 00:00:01]} 54.
gxh5 {[%clk 00:04:57]} {[%emt 00:00:01]} e1=Q {[%clk 00:04:02]} {[%emt
00:00:04]} 55. Kd3 {[%clk 00:05:01]} {[%emt 00:00:02]} Qe3+ {[%clk 00:04:04]}
{[%emt 00:00:02]} 56. Kc4 {[%emt 00:00:03]} Kf3 {[%clk 00:04:07]} 57. Kd5
{[%clk 00:05:09]} Qf4 {[%emt 00:00:07]} 0-1